000 01946nam a22002177a 4500
999 _c58718
_d58718
003 Ge_BSU
005 20220705133425.0
008 220705s2022ge xxu||||| |||| 00| 0 geo d
041 _ageo
080 _a33 დ-43
100 _aდიასამიძე ნათია
_914296
245 _aსაქართველოს ტურიზმის ინდუსტრიის საინვესტიციო გარემოს სრულყოფილების ძირითადი მიმართულებები : დისერტაცია /
_cნათია დიასამიძე, სამეცნიერო ხელმძღ.ეკონომიკის დოქტორი პროფესორი, ასიე ცინცაძე
264 _aბათუმი:
_bბათუმის შოთა რუსთაველის სახელმწიფო უნივერსიტეტი,
_c2022.
300 _a163 გვ.:
_c30სმ.
_bდიაგრამ.
653 _aსაქართველოს ტურიზმის ინდუსტრიის საინვესტიციო გარემოს სრულყოფილების ძირითადი მიმართულებები
653 _aეკონომიკა
700 _aცინცაძე, ასიე
_eსამეცნიერო ხელმძღვანელი
_912504
710 _aბათუმის შოთა რუსთაველის სახელმწიფო უნივერსიტეტი
_914297
710 _aეკონომიკისა და ბიზნესის ფაკულტეტი საფინანსო,საბანკო და სადაზღვევო საქმის დარგობრივი დეპარტამენტი
_914298
942 _2udc
_cDS